[Event "HUN-chT2 Barcza 1718"]
[Site "Hungary"]
[Date "2018.05.06"]
[Round "11.3"]
[White "Kanyadi, Zoltan"]
[Black "Forgacs, Jozsef"]
[Result "1/2-1/2"]
[WhiteElo "2103"]
[BlackElo "2204"]
[PlyCount "81"]
[EventDate "2017.09.24"]
[EventType "team-tourn"]
[EventRounds "11"]
[EventCountry "HUN"]
[SourceTitle "EXT 2021"]
[Source "ChessBase"]
[SourceDate "2020.10.23"]
[SourceVersion "1"]
[SourceVersionDate "2020.10.23"]
[SourceQuality "1"]
[WhiteTeam "Debrecen Sakkbaratok"]
[BlackTeam "Bajnok Sakkiskola"]
[WhiteTeamCountry "HUN"]
[BlackTeamCountry "HUN"]

1. e4 g6 2. d4 d6 3. Nc3 a6 4. Be3 b5 5. Qd2 Bb7 6. f3 Bg7 7. Nge2 Nd7 8. a3 Rc8 9. d5 Ne5 10. Nd4 c5 11. dxc6 Nxc6 12. Nxc6 Bxc6 13. Be2 Nf6 14. 0-0 0-0 15. Rad1 Qc7 16. Qe1 Qb7 17. Kh1 d5 18. exd5 Nxd5 19. Nxd5 Bxd5 20. c3 Bb3 21. Rd2 Rfd8 22. Bd3 Qc7 23. Rff2 Be5 24. f4 Bf6 25. Be4 e6 26. Rxd8+ Rxd8 27. Rd2 Bd5 28. Bxd5 Rxd5 29. Rxd5 exd5 30. Kg1 Qc4 31. Kf2 Qe4 32. Qe2 Bh4+ 33. g3 Be7 34. Bd4 f5 35. Qf3 Kf7 36. h4 a5 37. Qe2 Qxe2+ 38. Kxe2 Bd8 39. Kd3 Ke6 40. Ke2 Kd7 41. Kd3 1/2-1/2

[Event "HUN-chT2 Barcza 1718"]
[Site "Hungary"]
[Date "2017.11.26"]
[Round "4.3"]
[White "Kanyadi, Zoltan"]
[Black "Fusthy, Zsolt"]
[Result "0-1"]
[WhiteElo "2103"]
[BlackElo "2267"]
[PlyCount "104"]
[EventDate "2017.09.24"]
[EventType "team-tourn"]
[EventRounds "11"]
[EventCountry "HUN"]
[SourceTitle "EXT 2021"]
[Source "ChessBase"]
[SourceDate "2020.10.23"]
[SourceVersion "1"]
[SourceVersionDate "2020.10.23"]
[SourceQuality "1"]
[WhiteTeam "Debrecen Sakkbaratok"]
[BlackTeam "Lillafured DVTK II"]
[WhiteTeamCountry "HUN"]
[BlackTeamCountry "HUN"]

1. e4 e6 2. d4 d5 3. Nc3 Nf6 4. Bg5 Be7 5. e5 Nfd7 6. h4 Bxg5 7. hxg5 Qxg5 8. Nh3 Qe7 9. Nf4 Nc6 10. Qd2 b6 11. 0-0-0 Bb7 12. Bd3 0-0-0 13. Qe3 Ndxe5 14. dxe5 d4 15. Qe1 dxc3 16. Qxc3 Qg5 17. g3 Qxe5 18. Qa3 h6 19. Rhe1 Qd6 20. Qb3 Qb4 21. c3 Qxb3 22. axb3 Rd6 23. Be4 Rxd1+ 24. Rxd1 Rd8 25. Re1 Ne7 26. Bxb7+ Kxb7 27. Kc2 c5 28. Nh5 g6 29. Nf4 h5 30. Nh3 Rd5 31. Re2 Kc7 32. Nf4 Rd6 33. Nh3 f6 34. Nf4 Kd7 35. Re1 e5 36. Nd3 Nc6 37. Re3 Rd5 38. Re1 Kd6 39. Re3 Kd7 40. Re1 Rd6 41. Re3 Ke6 42. f4 Kf5 43. fxe5 Nxe5 44. Nf2 Rd7 45. Re2 g5 46. Re3 Rh7 47. Ne4 h4 48. gxh4 Rxh4 49. Nd6+ Kf4 50. Re4+ Kf3 51. Re1 Rh2+ 52. Kb1 Rxb2+ 0-1

[Event "HUN-chT2 Barcza 1617"]
[Site "Hungary"]
[Date "2017.01.29"]
[Round "7.3"]
[White "Herczeg, Tibor"]
[Black "Kanyadi, Zoltan"]
[Result "0-1"]
[WhiteElo "2075"]
[BlackElo "2085"]
[PlyCount "92"]
[EventDate "2016.09.25"]
[EventType "team-tourn"]
[EventRounds "11"]
[EventCountry "HUN"]
[SourceTitle "EXT 2021"]
[Source "ChessBase"]
[SourceDate "2020.10.23"]
[SourceVersion "1"]
[SourceVersionDate "2020.10.23"]
[SourceQuality "1"]
[WhiteTeam "Sajobabony"]
[BlackTeam "Debrecen Sakkbaratok"]
[WhiteTeamCountry "HUN"]
[BlackTeamCountry "HUN"]

1. e4 c5 2. Ne2 d6 3. Nbc3 Nf6 4. g3 g6 5. Bg2 Bg7 6. 0-0 0-0 7. d3 Nc6 8. h3 Rb8 9. a4 Ne8 10. Be3 Nd4 11. f4 f5 12. Rb1 Bd7 13. Bf2 a6 14. exf5 gxf5 15. Nxd4 cxd4 16. Ne2 e5 17. c3 Qa5 18. cxd4 Bxa4 19. Qc1 Bb5 20. Rd1 e4 21. Nc3 Bxd3 22. Ra1 Qd8 23. g4 Nc7 24. gxf5 d5 25. Qe3 Rxf5 26. Rac1 Kh8 27. Kh1 Qd6 28. Ne2 Ne6 29. Rxd3 exd3 30. Qxd3 Rbf8 31. Be3 b5 32. Rf1 Qb4 33. Ng3 Nxf4 34. Qc2 R5f7 35. Bxf4 Rxf4 36. Rxf4 Rxf4 37. Nh5 Rf8 38. Nxg7 Qe1+ 39. Kh2 Kxg7 40. Qc7+ Kh8 41. Qd6 Qf2 42. Qxd5 Qf4+ 43. Kg1 Re8 44. Bf1 Qe3+ 45. Kh2 Qf2+ 46. Bg2 Qf4+ 0-1

[Event "HUN-chT2 Barcza 1516"]
[Site "Hungary"]
[Date "2016.02.14"]
[Round "7.1"]
[White "Racz, Zoltan"]
[Black "Kanyadi, Zoltan"]
[Result "1-0"]
[WhiteElo "2136"]
[BlackElo "2269"]
[PlyCount "101"]
[EventDate "2015.09.13"]
[EventType "team-tourn"]
[EventRounds "11"]
[EventCountry "HUN"]
[SourceTitle "EXT 2017"]
[Source "ChessBase"]
[SourceDate "2016.10.25"]
[SourceVersion "1"]
[SourceVersionDate "2016.10.25"]
[SourceQuality "1"]
[WhiteTeam "Nyiregyhaza"]
[BlackTeam "Debrecen Sakkbaratok"]
[WhiteTeamCountry "HUN"]
[BlackTeamCountry "HUN"]

1. c4 Nf6 2. Nc3 d5 3. cxd5 Nxd5 4. g3 c5 5. Bg2 Nc7 6. Qa4+ Qd7 7. b3 a6 8. Qxd7+ Nxd7 9. f4 Rb8 10. Bb2 b6 11. Rc1 e6 12. Nf3 Bb7 13. e4 Nb5 14. 0-0 f6 15. Nxb5 axb5 16. d4 Bxe4 17. Rfe1 Bd5 18. f5 Kf7 19. Nh4 Re8 20. fxe6+ Bxe6 21. Rxe6 Rxe6 22. Bd5 Bd6 23. Nf5 Bb8 24. Re1 Rhe8 25. Rxe6 Rxe6 26. Nxg7 Kxg7 27. Bxe6 Nf8 28. Bf5 Ng6 29. a3 Bd6 30. Kf2 h5 31. Bd3 b4 32. a4 h4 33. Bxg6 hxg3+ 34. hxg3 Kxg6 35. dxc5 Bxc5+ 36. Kf3 Kf5 37. g4+ Kg6 38. Ke4 Kg5 39. Kd5 Bf2 40. Ke6 Kxg4 41. Bxf6 Kf4 42. Kd5 Kf5 43. Bd8 Bg1 44. Kc6 Ke4 45. Bxb6 Bxb6 46. Kxb6 Kd3 47. a5 Kc3 48. a6 Kxb3 49. a7 Kc2 50. a8Q b3 51. Qa4 1-0

[Event "HUN-chT2 Barcza 1516"]
[Site "Hungary"]
[Date "2015.11.29"]
[Round "5.1"]
[White "Forgacs, Jozsef"]
[Black "Kanyadi, Zoltan"]
[Result "1-0"]
[WhiteElo "2154"]
[BlackElo "2178"]
[PlyCount "75"]
[EventDate "2015.09.13"]
[EventType "team-tourn"]
[EventRounds "11"]
[EventCountry "HUN"]
[SourceTitle "CBM 170 Extra"]
[Source "ChessBase"]
[SourceDate "2016.02.25"]
[SourceVersion "1"]
[SourceVersionDate "2016.02.25"]
[SourceQuality "1"]
[WhiteTeam "Hajduszoboszlo"]
[BlackTeam "Debrecen Sakkbaratok"]
[WhiteTeamCountry "HUN"]
[BlackTeamCountry "HUN"]

1. d4 Nf6 2. c4 g6 3. Nc3 d5 4. cxd5 Nxd5 5. e4 Nxc3 6. bxc3 Bg7 7. Nf3 c5 8. Be2 Qa5 9. Bd2 0-0 10. 0-0 Qc7 11. Rc1 Nc6 12. d5 Ne5 13. Ne1 f5 14. f4 Ng4 15. Bxg4 fxg4 16. c4 b5 17. cxb5 a6 18. Be3 axb5 19. Rxc5 Qd8 20. Nc2 Ra4 21. Nd4 Qb6 22. Rxb5 Qa6 23. Rb6 Qc4 24. e5 Ba6 25. Re1 Rxa2 26. Qb3 Qxb3 27. Nxb3 Bc4 28. d6 exd6 29. exd6 Bd5 30. Rd1 Rxg2+ 31. Kf1 Bf3 32. Rd2 Rxd2 33. Nxd2 Bd5 34. d7 Kf7 35. Rd6 Be6 36. d8Q Rxd8 37. Rxd8 h6 38. Ne4 1-0

[Event "HUN-chT2 Barcza 1516"]
[Site "Hungary"]
[Date "2015.10.18"]
[Round "3.1"]
[White "Eberth, Zoltan"]
[Black "Kanyadi, Zoltan"]
[Result "1-0"]
[WhiteElo "2130"]
[BlackElo "2178"]
[PlyCount "53"]
[EventDate "2015.09.13"]
[EventType "team-tourn"]
[EventRounds "11"]
[EventCountry "HUN"]
[SourceTitle "CBM 170 Extra"]
[Source "ChessBase"]
[SourceDate "2016.02.25"]
[SourceVersion "1"]
[SourceVersionDate "2016.02.25"]
[SourceQuality "1"]
[WhiteTeam "Mezokovesd"]
[BlackTeam "Debrecen Sakkbaratok"]
[WhiteTeamCountry "HUN"]
[BlackTeamCountry "HUN"]

1. e4 c5 2. Nf3 d6 3. d4 cxd4 4. Nxd4 Nf6 5. Nc3 a6 6. Bc4 e6 7. Bb3 Nbd7 8. Be3 Nc5 9. f3 Be7 10. Qd2 Qc7 11. 0-0-0 b5 12. Kb1 Bd7 13. g4 b4 14. Nce2 a5 15. g5 Nh5 16. Ng3 Nxg3 17. hxg3 a4 18. Bc4 Nxe4 19. Qd3 d5 20. Bxd5 Nc3+ 21. bxc3 exd5 22. Nb5 Qb8 23. Qxd5 Bxb5 24. Bf4 bxc3 25. Bxb8 Rxb8 26. Qe5 Rb6 27. Qc7 1-0

[Event "HUN-chT2 Barcza 1516"]
[Site "Hungary"]
[Date "2015.09.13"]
[Round "1.1"]
[White "Farkas, Adam"]
[Black "Kanyadi, Zoltan"]
[Result "1/2-1/2"]
[WhiteElo "2115"]
[BlackElo "2178"]
[PlyCount "101"]
[EventDate "2015.09.13"]
[EventType "team-tourn"]
[EventRounds "11"]
[EventCountry "HUN"]
[SourceTitle "CBM 170 Extra"]
[Source "ChessBase"]
[SourceDate "2016.02.25"]
[SourceVersion "1"]
[SourceVersionDate "2016.02.25"]
[SourceQuality "1"]
[WhiteTeam "Nadudvar"]
[BlackTeam "Debrecen Sakkbaratok"]
[WhiteTeamCountry "HUN"]
[BlackTeamCountry "HUN"]

1. e4 c5 2. Nf3 d6 3. Bb5+ Bd7 4. Bxd7+ Qxd7 5. 0-0 Nf6 6. Re1 Nc6 7. c3 g6 8. d4 cxd4 9. cxd4 Bg7 10. d5 Na5 11. Bd2 Nc4 12. Bc3 0-0 13. b3 Nb6 14. a4 Rac8 15. Ra2 Qc7 16. Rc2 Nbd7 17. Na3 Qb8 18. b4 a6 19. h3 Rc7 20. Qd3 Rfc8 21. Rec1 Bh6 22. Bd2 Bxd2 23. Nxd2 Ne5 24. Qb3 Nh5 25. g3 Nf6 26. Nac4 Nxc4 27. Rxc4 Nd7 28. a5 Ne5 29. R4c3 Nd3 30. R1c2 Ne5 31. Kg2 Nd7 32. Qb2 b6 33. Nb3 Nf6 34. f3 bxa5 35. Nxa5 Rxc3 36. Rxc3 Rxc3 37. Qxc3 Qb5 38. Kf2 Qb6+ 39. Kg2 Qb5 40. Qc4 Qxc4 41. Nxc4 Ne8 42. Kf2 e6 43. e5 dxe5 44. d6 Nf6 45. Nxe5 Kf8 46. Nc6 Ke8 47. Nb8 Nd5 48. Nxa6 Kd7 49. Nc5+ Kxd6 50. Ne4+ Ke7 51. b5 1/2-1/2

[Event "HUN-chT2 Barcza 1415"]
[Site "Hungary"]
[Date "2015.01.25"]
[Round "7.3"]
[White "Bai, Attila"]
[Black "Kanyadi, Zoltan"]
[Result "0-1"]
[WhiteElo "2208"]
[BlackElo "2158"]
[PlyCount "88"]
[EventDate "2014.09.07"]
[EventType "team-tourn"]
[EventRounds "11"]
[EventCountry "HUN"]
[SourceTitle "EXT 2016"]
[Source "ChessBase"]
[SourceDate "2015.10.08"]
[SourceVersion "1"]
[SourceVersionDate "2015.10.08"]
[SourceQuality "1"]
[WhiteTeam "Edeleny"]
[BlackTeam "Debrecen Sakkbaratok"]
[WhiteTeamCountry "HUN"]
[BlackTeamCountry "HUN"]

1. d4 Nf6 2. Nf3 g6 3. Nc3 d5 4. Bf4 Bg7 5. Qd2 Ne4 6. Nxe4 dxe4 7. Ne5 Nd7 8. Bh6 0-0 9. Bxg7 Kxg7 10. Nxd7 Qxd7 11. e3 b6 12. Qc3 Bb7 13. h4 h6 14. h5 g5 15. Be2 Qc6 16. Qd2 Qd6 17. 0-0-0 Rad8 18. f4 exf3 19. gxf3 e5 20. Rhg1 f5 21. Qc3 e4 22. f4 g4 23. Bxg4 fxg4 24. Rxg4+ Kh7 25. Rg6 Qe7 26. Rdg1 Rf7 27. f5 Rd6 28. d5 Bxd5 29. Rg8 Qf6 30. Qe1 Qxf5 31. c4 Bxc4 32. Qg3 Qf1+ 33. Rxf1 Rxf1+ 34. Kc2 Bxg8 35. Qg2 Rf3 36. Qg4 Bd5 37. Qc8 Rf7 38. Qe8 Rdf6 39. Kc3 Rf5 40. b4 Rxh5 41. a4 c5 42. bxc5 bxc5 43. a5 Rh3 44. Kd2 Rh2+ 0-1

[Event "HUN-chT2 Maroczy 1314"]
[Site "Hungary"]
[Date "2013.08.22"]
[Round "2"]
[White "Kanyadi, Zoltan"]
[Black "Papp, Gellert"]
[Result "0-1"]
[WhiteElo "2188"]
[BlackElo "2331"]
[PlyCount "148"]
[EventDate "2013.09.08"]
[EventType "team-tourn"]
[EventRounds "11"]
[EventCountry "HUN"]
[SourceTitle "EXT 2016"]
[Source "ChessBase"]
[SourceDate "2015.10.08"]
[SourceVersion "1"]
[SourceVersionDate "2015.10.08"]
[SourceQuality "1"]
[WhiteTeam "Debrecen SBK"]
[BlackTeam "Lila Futo"]
[WhiteTeamCountry "HUN"]
[BlackTeamCountry "HUN"]

1. e4 f6 2. Nc3 Nh6 3. f4 Nf7 4. Nf3 e6 5. Bc4 Be7 6. 0-0 c6 7. d3 d5 8. Bb3 f5 9. Be3 Na6 10. Qe1 0-0 11. a3 Bf6 12. Bf2 Nc7 13. Bc5 Re8 14. e5 Be7 15. Bxe7 Qxe7 16. d4 b6 17. Ba4 b5 18. Bb3 a5 19. Qe3 Ba6 20. Rfe1 Rac8 21. Nd1 Na8 22. Qd2 a4 23. Ba2 Nb6 24. Qb4 Qa7 25. Nf2 Nd7 26. Nd3 c5 27. dxc5 Nxc5 28. Qd4 Re7 29. Nxc5 Rxc5 30. c3 Nd8 31. Qf2 Nc6 32. Nd4 Bc8 33. Nxc6 Rxc6 34. Qxa7 Rxa7 35. Rad1 b4 36. cxb4 Rc2 37. Rc1 Rac7 38. Rxc2 Rxc2 39. Bb1 Rxb2 40. Bd3 Bb7 41. Bb5 d4 42. Re2 Rb3 43. Bxa4 Rxa3 44. Bd7 Kf7 45. Rd2 d3 46. b5 Be4 47. Kf2 Ra1 48. Bc6 Ke7 49. Ke3 Re1+ 50. Kf2 Rh1 51. Ke3 Re1+ 52. Kf2 Ra1 53. Ke3 Ra4 54. Rb2 Kd8 55. b6 Bxc6 56. b7 Bxb7 57. Rxb7 d2 58. Kxd2 Ra2+ 59. Ke3 Rxg2 60. Kf3 Rg1 61. h3 h6 62. Kf2 Rg6 63. Ra7 Ke8 64. Rb7 Kf8 65. Rb8+ Kf7 66. Ra8 Ke7 67. Ra7+ Ke8 68. Rb7 h5 69. Rb8+ Kd7 70. Rh8 Kc6 71. Rxh5 Kd5 72. h4 Ke4 73. Rg5 Rxg5 74. fxg5 Kf4 0-1

[Event "HUN-chT2 Maroczy 1213"]
[Site "Hungary"]
[Date "2013.03.03"]
[Round "8"]
[White "Kanyadi, Zoltan"]
[Black "Feher, Adam"]
[Result "1-0"]
[WhiteElo "2139"]
[BlackElo "2367"]
[PlyCount "103"]
[EventDate "2012.09.16"]
[EventType "team-tourn"]
[EventRounds "11"]
[EventCountry "HUN"]
[SourceTitle "EXT 2014"]
[Source "ChessBase"]
[SourceDate "2013.11.20"]
[SourceVersion "1"]
[SourceVersionDate "2013.11.20"]
[SourceQuality "1"]
[WhiteTeam "Debrecen"]
[BlackTeam "Sarkany"]
[WhiteTeamCountry "HUN"]
[BlackTeamCountry "HUN"]

1. e4 c5 2. Nf3 d6 3. d4 cxd4 4. Nxd4 Nf6 5. Nc3 a6 6. Bc4 e6 7. Bb3 b5 8. 0-0 Be7 9. a3 Bb7 10. Bxe6 fxe6 11. Nxe6 Qd7 12. Nxg7+ Kd8 13. Nf5 Rg8 14. f3 Nc6 15. Bf4 Kc7 16. a4 b4 17. Nd5+ Nxd5 18. Qxd5 Rg6 19. c3 Rag8 20. cxb4 Kb8 21. Rad1 Ka8 22. b5 Rxg2+ 23. Kh1 Nd8 24. Qc4 Ne6 25. Bg3 Rxb2 26. bxa6 Bc6 27. Nxe7 Rxg3 28. hxg3 Nd4 29. Qg8+ Rb8 30. Qxh7 Ne2 31. Kg2 Nc3 32. Rd2 Re8 33. Qg6 Nxe4 34. fxe4 Qxe7 35. Rf4 Bxe4+ 36. Rxe4 Qxe4+ 37. Qxe4+ Rxe4 38. Rxd6 Rxa4 39. Kf3 Kb8 40. g4 Kc7 41. Rf6 Ra1 42. Kf4 Kd7 43. Kg5 Ke7 44. Kg6 Ra5 45. g5 Ke8 46. Rb6 Ke7 47. Kh6 Ra1 48. g6 Ra2 49. Kg5 Rf2 50. Rb7+ Ke6 51. a7 Rg2+ 52. Kf4 1-0

[Event "HUN-chT2 Maroczy 1213"]
[Site "Hungary"]
[Date "2013.01.27"]
[Round "6"]
[White "Kanyadi, Zoltan"]
[Black "Biro, Istvan"]
[Result "1-0"]
[WhiteElo "2139"]
[BlackElo "1998"]
[PlyCount "105"]
[EventDate "2012.09.16"]
[EventType "team-tourn"]
[EventRounds "11"]
[EventCountry "HUN"]
[SourceTitle "EXT 2014"]
[Source "ChessBase"]
[SourceDate "2013.11.20"]
[SourceVersion "1"]
[SourceVersionDate "2013.11.20"]
[SourceQuality "1"]
[WhiteTeam "Debrecen"]
[BlackTeam "Oroshaza"]
[WhiteTeamCountry "HUN"]
[BlackTeamCountry "HUN"]

1. e4 c5 2. Nf3 e6 3. d4 cxd4 4. Nxd4 Nf6 5. Bd3 Nc6 6. Nxc6 dxc6 7. 0-0 e5 8. Nd2 Be7 9. a4 Be6 10. Qe2 0-0 11. b3 Qc7 12. Nc4 Bxc4 13. Bxc4 a6 14. Bg5 Ne8 15. Be3 Nf6 16. Bg5 Ne8 17. Bd2 Nf6 18. f4 b5 19. Bd3 Nd7 20. f5 Nc5 21. Be3 Rfd8 22. f6 gxf6 23. Rf3 Ne6 24. Rh3 Nf8 25. Qg4+ Ng6 26. Qh5 Kf8 27. Qxh7 Ke8 28. Be2 Nf4 29. Qg8+ Bf8 30. Rh8 Nxe2+ 31. Kf2 Qe7 32. Kxe2 Kd7 33. Rh7 Kc8 34. Rxf7 Qd6 35. Qg4+ Kb8 36. Qf5 Be7 37. Qh7 Rd7 38. axb5 axb5 39. Rc1 Ra2 40. Kf3 b4 41. Qf5 Kc7 42. h4 Rxc2 43. Rxe7 Rxe7 44. Rxc2 Qd1+ 45. Re2 Rg7 46. g4 Qxb3 47. g5 Qg8 48. h5 fxg5 49. Qxe5+ Kb7 50. Qc5 Rf7+ 51. Kg2 Qh7 52. Qb6+ Kc8 53. Qxc6+ 1-0

[Event "HUN-chT2 Barcza 1112 "]
[Site "Hungary"]
[Date "2012.03.11"]
[Round "7"]
[White "Kovacs, Tamas"]
[Black "Kanyadi, Zoltan"]
[Result "1/2-1/2"]
[WhiteElo "2159"]
[BlackElo "2109"]
[PlyCount "29"]
[EventDate "2011.09.25"]
[EventType "team-tourn"]
[EventRounds "11"]
[EventCountry "HUN"]
[SourceTitle "EXT 2013"]
[Source "ChessBase"]
[SourceDate "2012.11.22"]
[SourceVersion "1"]
[SourceVersionDate "2012.11.22"]
[SourceQuality "1"]
[WhiteTeam "Sarospatak"]
[BlackTeam "Debrecen Sakkbaratok"]
[WhiteTeamCountry "HUN"]
[BlackTeamCountry "HUN"]

1. d4 Nf6 2. c4 g6 3. Nc3 d5 4. Nf3 Bg7 5. Bg5 Ne4 6. Bh4 Nxc3 7. bxc3 c5 8. e3 Nc6 9. Rb1 cxd4 10. cxd4 0-0 11. Qd2 b6 12. cxd5 Qxd5 13. Bb5 Bf5 14. Rb2 e5 15. dxe5 1/2-1/2

[Event "HUN-chT2 Maroczy 1011"]
[Site "Hungary"]
[Date "2011.04.17"]
[Round "9"]
[White "Hardicsay, Peter"]
[Black "Kanyadi, Zoltan"]
[Result "1-0"]
[WhiteElo "2252"]
[BlackElo "2109"]
[PlyCount "61"]
[EventDate "2010.09.12"]
[EventType "team-tourn"]
[EventRounds "11"]
[EventCountry "HUN"]
[SourceTitle "EXT 2012"]
[Source "ChessBase"]
[SourceDate "2011.11.24"]
[SourceVersion "1"]
[SourceVersionDate "2011.11.24"]
[SourceQuality "1"]
[WhiteTeam "Fuzesabony"]
[BlackTeam "Debrecen SBE"]
[WhiteTeamCountry "HUN"]
[BlackTeamCountry "HUN"]

1. c4 Nf6 2. Nc3 g6 3. e4 d6 4. d4 Bg7 5. f3 c5 6. dxc5 dxc5 7. Qxd8+ Kxd8 8. Be3 Nfd7 9. Nge2 Nc6 10. 0-0-0 b6 11. f4 Ba6 12. b3 f5 13. g3 Rc8 14. exf5 gxf5 15. Bh3 e6 16. g4 fxg4 17. Bxg4 Ke7 18. Rhg1 Bh6 19. Bxe6 Kxe6 20. f5+ Kxf5 21. Bxh6 Nde5 22. Rg5+ Ke6 23. Nf4+ Kf7 24. Rg7+ Ke8 25. Ne4 Nf7 26. Rxf7 Kxf7 27. Rd7+ Ne7 28. Bg5 Rhe8 29. Nd6+ Kg8 30. Bxe7 Rc6 31. Nxe8 1-0

[Event "HUN-chT2 Maroczy 1011"]
[Site "Hungary"]
[Date "2010.11.07"]
[Round "5"]
[White "Kanyadi, Zoltan"]
[Black "Ujhazi, Mihaly"]
[Result "0-1"]
[WhiteElo "2109"]
[BlackElo "2137"]
[PlyCount "112"]
[EventDate "2010.09.12"]
[EventType "team-tourn"]
[EventRounds "11"]
[EventCountry "HUN"]
[SourceTitle "EXT 2012"]
[Source "ChessBase"]
[SourceDate "2011.11.24"]
[SourceVersion "1"]
[SourceVersionDate "2011.11.24"]
[SourceQuality "1"]
[WhiteTeam "Debrecen SBE"]
[BlackTeam "Maroczy"]
[WhiteTeamCountry "HUN"]
[BlackTeamCountry "HUN"]

1. e4 e5 2. Nf3 Nc6 3. Bb5 a6 4. Ba4 Nf6 5. 0-0 Be7 6. Re1 b5 7. Bb3 d6 8. c3 0-0 9. h3 Na5 10. Bc2 c5 11. d4 cxd4 12. cxd4 Qc7 13. Nbd2 Nc6 14. d5 Nb4 15. Bb1 a5 16. a3 Na6 17. b4 axb4 18. axb4 Bd7 19. Qb3 Nc5 20. bxc5 Rxa1 21. c6 Bxc6 22. dxc6 Qxc6 23. Bb2 Ra7 24. Bd3 Rb8 25. Nf1 Nd7 26. Ne3 Nc5 27. Qc2 Bf8 28. Nd2 Ra2 29. Bf1 Qa8 30. Qb1 Ra4 31. f3 Qa7 32. Kh2 Be7 33. Nd5 Bg5 34. f4 Bxf4+ 35. Nxf4 exf4 36. e5 d5 37. Nf3 Ne4 38. Qd3 Qf2 39. Bd4 Qg3+ 40. Kg1 Rba8 41. Rb1 h6 42. Rxb5 Ra3 43. Rb3 Ra2 44. Qb1 Kh7 45. h4 Qg4 46. Rb5 Qe6 47. Rxd5 Qxd5 48. Bd3 Re2 49. Bxe2 g6 50. h5 Ra4 51. hxg6+ fxg6 52. Qb6 Ng3 53. Bd3 Ra1+ 54. Bxa1 Qxd3 55. Qa7+ Kg8 56. e6 Qf1+ 0-1